| 000 | 01060cam a22003131 4500 | ||
|---|---|---|---|
| 001 | sa 68015458 | ||
| 003 | DLC | ||
| 005 | 20260227112644.0 | ||
| 008 | 790620m19689999ii b 000 0 san | ||
| 010 | _asa 68015458 | ||
| 025 | _aPL480:I-San-1166 | ||
| 035 | _a(OCoLC)5087081 | ||
| 040 |
_aDLC _cMH _dDLC |
||
| 041 | 0 | _asaneng | |
| 042 | _apremarc | ||
| 050 | 0 | 0 |
_aPK925 _b.D5 |
| 100 | 0 | _aDharaṇidāsa. | |
| 245 | 1 | 0 |
_aDharaṇikośa. _cEdited by Ekanath Dattatreya Kulkarni. |
| 250 | _a[1st ed.] | ||
| 260 |
_aPoona _b[Deccan College Postgraduate and Research Institute] _c1968- |
||
| 300 |
_av. _c22 cm. |
||
| 490 | 1 |
_aDeccan College building centenary and silver jubilee series, _v9 |
|
| 500 | _a"500 copies." | ||
| 500 | _aIn Sanskrit; introductory matter in English. | ||
| 504 | _aBibliographical footnotes. | ||
| 650 | 0 |
_aSanskrit language _xHomonyms. |
|
| 700 | 1 |
_aKulkarni, Ekanath Dattatreya, _eed. |
|
| 810 | 2 |
_aDeccan College Post-graduate and Research Institute. _tDeccan College building centenary and silver jubilee series ; _v9. |
|
| 999 |
_c86470 _d86470 |
||